|
|
|
|
| LEADER |
01002nam a2200241 4500 |
| 001 |
DLU120137631 |
| 005 |
##20120719 |
| 040 |
# |
# |
|a DLU
|b vie
|
| 041 |
# |
# |
|a vie
|
| 044 |
# |
# |
|a vn
|
| 100 |
# |
# |
|a Phạm Quang Trung.
|
| 245 |
# |
# |
|a Ảnh hưởng của Liên Xô tới văn chương Việt Nam trong giai đoạn đầu của công cuộc đổi mới /
|c Phạm Quang Trung.
|
| 773 |
# |
# |
|t Công trình nghiên cứu khoa học của cán bộ giai đoạn 2000 - 2005 khoa học Xã hội nhân văn Trường Đại học Đà Lạt
|g 2005, tr.
|
| 773 |
# |
# |
|t Công trình nghiên cứu khoa học của cán bộ giai đoạn 2000 - 2005 khoa học Xã hội nhân văn Trường Đại học Đà Lạt
|g 2005, tr. 217-222
|
| 920 |
# |
# |
|a Phòng Tạp chí -- Trung tâm Thông tin - Thư viện Trường Đại học Đà Lạt
|
| 994 |
# |
# |
|a DLU
|
| 900 |
# |
# |
|a True
|
| 911 |
# |
# |
|a Nguyễn Huyền Anh
|
| 925 |
# |
# |
|a G
|
| 926 |
# |
# |
|a A
|
| 927 |
# |
# |
|a BB
|
| 980 |
# |
# |
|a Thư viện Trường Đại học Đà Lạt
|